| 000 | 00000nam 22000008i 4500 |
| 001 | 9.913312 |
| 003 | CaOODSP |
| 005 | 20240110140934 |
| 006 | m o d f |
| 007 | cr cn||||||||| |
| 008 | 220713t20222022onco ob f000 0 tha d |
| 020 | |a9780660445526 |
| 040 | |aCaOODSP|beng|erda|cCaOODSP |
| 043 | |an-cn--- |
| 086 | 1 |aFR5-110/2019Tha-PDF |
| 245 | 00|a[Voices at risk] : |b[Canada's guidelines on supporting human rights defenders]. |
| 250 | |a[Thai edition]. |
| 264 | 1|aOttawa, ON : |bGovernment of Canada = Gouvernement du Canada, |c[2022] |
| 264 | 4|c©2022 |
| 300 | |a1 online resource (49 pages) : |bphotographs |
| 336 | |atext|btxt|2rdacontent |
| 337 | |acomputer|bc|2rdamedia |
| 338 | |aonline resource|bcr|2rdacarrier |
| 500 | |aIssued by Global Affairs Canada. |
| 500 | |aEnglish title supplied by the publisher. |
| 500 | |aIssued also in English under title: Voices at risk : Canada's guidelines on supporting human rights defenders. |
| 504 | |aIncludes bibliographical references. |
| 520 | |a"[Canadians care about human rights. They expect their government to help build respect for human rights at home and around the world]"--[Introduction], page 1. |
| 530 | |aIssued also in printed form. |
| 650 | 0|aHuman rights|xGovernment policy|zCanada. |
| 650 | 0|aHuman rights workers|xGovernment policy|zCanada. |
| 710 | 1 |aCanada. |bGlobal Affairs Canada, |eissuing body. |
| 775 | 08|tVoices at risk : |w(CaOODSP)9.874614 |
| 776 | 0#|tVoices at risk : |w(CaOODSP)9.913315 |
| 792 | |t[Voix à risque] : |efre|w(CaOODSP)9.913313 |
| 856 | 40|qPDF|s3.29 MB|uhttps://publications.gc.ca/collections/collection_2023/amc-gac/FR5-110-2019-tha.pdf |